Big and Little Things Quiz Stats

 Plays Quiz Updated Dec 13, 2018

     
Support Sporcle.
Go Orange.
Score 0/40 Timer 08:00
3 Plays Today
Clue Answer % Correct
Yellow 'Sesame Street' characterBig Bird
92.7%
Menace to Little Pigs and Red Riding HoodBig Bad Wolf
87.8%
Beginning of the UniverseBig Bang
86.3%
SasquatchBigfoot
81.4%
Weight-loss reality showThe Biggest Loser
78.8%
New OrleansThe Big Easy
71.8%
Adam Sandler film about fatherhoodBig Daddy
70.1%
He worried excessively about the sky fallingChicken Little
66%
Louisa May Alcott bookLittle Women
65.7%
Adam Sandler film about Satan's SonLittle Nicky
65%
Bell on Houses of ParliamentBig Ben
64.8%
F'amous line from Scarface''Say hello to my little friend'
60.3%
Robin Hood merry manLittle John
59.8%
Carrie's love interest on 'Sex and the City'Mr. Big
59%
Custer's Last StandLittle Bighorn
58.8%
Laura Ingalls Wilder book adapted for TVLittle House on the Prairie
57.4%
Oldest NCAA Division I conferenceBig Ten
53.2%
3rd largest pizza chain in the USLittle Caesars
52.6%
E. B. White mouseStuart Little
52.4%
'The Land Before Time' protagonistLittlefoot
51.1%
Clue Answer % Correct
Percussion themed Christmas carolThe Little Drummer Boy
50.4%
Coen Brothers bowling filmThe Big Lebowski
44.9%
1986 Kurt Russell martial arts comedy Big Trouble in Little China
42.2%
Hasbro horse toys and cartoonMy Little Pony
40.9%
'Feed me, Seymour'Little Shop of Horrors
33.9%
Self-esteem filled trainThe Little Engine That Could
32.3%
Roald Dahl title characterThe Big Friendly Giant
30.9%
Prince's 1983 pop songLittle Red Corvette
26.7%
IBM nicknameBig Blue
25.6%
Our GangLittle Rascals
25.1%
Arthur Ave, NYCLittle Italy
24.8%
1983 ensemble film about reuniting friendsThe Big Chill
20.6%
I-93 in BostonBig Dig
19.6%
Playstation 3 game featuring SackboysLittlebigplanet
12%
Dustin Hoffman westernLittle Big Man
11.9%
Christopher George Latore WallaceNotorious B.I.G.
11.6%
Disneyland train rideBig Thunder Mountain Railroad
11.4%
'Blazing Saddles' starCleavon Little
8.9%
Raymond Chandler novelThe Big Sleep
8.5%
Tom Baker narrated sketch comedy showLittle Britain
5.6%

From the Vault

LCS and World Series MVP in Same Year

by nyynkeh8r

Sports 3m
We certainly hope that a certain San Francisco Giant gets a bonus for all these MVP awards.
Remove Ads.
Support Sporcle.
Get the best of Sporcle when you Go Orange. This ad-free experience offers more features, more stats, and more fun while also helping to support Sporcle. Thank you for becoming a member.

Show Comments

Extras

Top Quizzes Today


Score Distribution

Your Account Isn't Verified!

In order to create a playlist on Sporcle, you need to verify the email address you used during registration. Go to your Sporcle Settings to finish the process.

Report this User

Report this user for behavior that violates our Community Guidelines.

Details: